000 00269nam a2200109Ia 4500
008 190216s9999||||xx |||||||||||||| ||und||
100 _aCarrad H L&Amp; Oliphant L
245 0 _aElements Of Commerce
260 _bRoutledge Kegan Paul
_c1961
300 _a124p
942 _cBK
999 _c3832
_d3832